[Event "CZE-chT2D 1516"]
[Site "Czech Republic"]
[Date "2016.02.21"]
[Round "8.6"]
[White "Luzikova, Nicola"]
[Black "Zejdlik, Patrik"]
[Result "1/2-1/2"]
[WhiteElo "1785"]
[BlackElo "1778"]
[PlyCount "27"]
[EventDate "2015.10.18"]
[EventType "team-tourn"]
[EventRounds "11"]
[EventCountry "CZE"]
[SourceTitle "EXT 2022"]
[Source "ChessBase"]
[SourceDate "2021.10.06"]
[SourceVersion "1"]
[SourceVersionDate "2021.10.06"]
[SourceQuality "1"]
[WhiteTeam "Velke Losiny"]
[BlackTeam "Polabiny III"]
[WhiteTeamCountry "CZE"]
[BlackTeamCountry "CZE"]

1. d4 d5 2. Nf3 Nf6 3. Bf4 Bf5 4. e3 e6 5. Bd3 Bxd3 6. Qxd3 Bd6 7. Bxd6 Qxd6 8. 0-0 0-0 9. c4 c6 10. Nbd2 Nbd7 11. Rfe1 Rfe8 12. Rad1 h6 13. e4 dxe4 14. Nxe4 1/2-1/2

[Event "CZE-ch U20 Girls"]
[Site "Frydek Mistek"]
[Date "2014.11.20"]
[Round "6"]
[White "Luzikova, Nicola"]
[Black "Mackova, Veronika"]
[Result "1-0"]
[WhiteElo "1778"]
[BlackElo "1754"]
[PlyCount "31"]
[EventDate "2014.11.16"]
[EventType "swiss"]
[EventRounds "9"]
[EventCountry "CZE"]
[SourceTitle "CBM 163 Extra"]
[Source "ChessBase"]
[SourceDate "2014.12.23"]
[SourceVersion "1"]
[SourceVersionDate "2014.12.23"]
[SourceQuality "1"]

1. d4 Nf6 2. c4 g6 3. g3 Bg7 4. Bg2 d5 5. cxd5 Nxd5 6. e4 Nb6 7. Ne2 0-0 8. Nbc3 N8d7 9. 0-0 e6 10. b3 Qe7 11. a4 a5 12. Ba3 c5 13. Rc1 Rd8 14. dxc5 Bf6 15. Nb5 Nxc5 16. Qc2 1-0

[Event "Valasska Bystrice op"]
[Site "Valasska Bystrice"]
[Date "2014.09.20"]
[Round "9"]
[White "Luzikova, Nicola"]
[Black "Uhlir, Jiri"]
[Result "1/2-1/2"]
[WhiteElo "1721"]
[BlackElo "1945"]
[PlyCount "69"]
[EventDate "2014.09.13"]
[EventType "swiss"]
[EventRounds "9"]
[EventCountry "CZE"]
[SourceTitle "CBM 162 Extra"]
[Source "ChessBase"]
[SourceDate "2014.10.17"]
[SourceVersion "1"]
[SourceVersionDate "2014.10.17"]
[SourceQuality "1"]

1. d4 Nf6 2. c4 g6 3. Nc3 d5 4. cxd5 Nxd5 5. e4 Nxc3 6. bxc3 Bg7 7. Bc4 0-0 8. Ne2 c5 9. 0-0 cxd4 10. cxd4 Nc6 11. Be3 a6 12. Qd2 Qa5 13. Qxa5 Nxa5 14. Bd3 e6 15. Rac1 Nc6 16. Rfd1 Bd7 17. Bb1 Rac8 18. g3 b5 19. Bf4 Rfd8 20. Bd6 Nxd4 21. Nxd4 Rxc1 22. Rxc1 Bxd4 23. e5 Bb6 24. Be4 Rc8 25. Rxc8+ Bxc8 26. Bc6 Bd4 27. Kf1 Bc3 28. a3 f5 29. f3 Kf7 30. Ke2 g5 31. g4 h6 32. Kd3 Bb2 33. Kc2 Bd4 34. Kd3 Bb2 35. Kc2 1/2-1/2

[Event "Valasska Bystrice op"]
[Site "Valasska Bystrice"]
[Date "2014.09.19"]
[Round "8"]
[White "Smilek, Petr"]
[Black "Luzikova, Nicola"]
[Result "1-0"]
[WhiteElo "1961"]
[BlackElo "1721"]
[PlyCount "67"]
[EventDate "2014.09.13"]
[EventType "swiss"]
[EventRounds "9"]
[EventCountry "CZE"]
[SourceTitle "CBM 162 Extra"]
[Source "ChessBase"]
[SourceDate "2014.10.17"]
[SourceVersion "1"]
[SourceVersionDate "2014.10.17"]
[SourceQuality "1"]

1. e4 d5 2. exd5 Nf6 3. Be2 Nxd5 4. d4 Bf5 5. Nf3 e6 6. a3 c5 7. 0-0 Be7 8. c4 Nb6 9. Nc3 0-0 10. dxc5 Bxc5 11. b4 Be7 12. Qb3 Bf6 13. Bf4 Qe7 14. Rfd1 e5 15. Be3 N8d7 16. c5 Be6 17. Qc2 Nc4 18. Bxc4 Bxc4 19. Ne4 Qe6 20. Rxd7 Qxd7 21. Qxc4 Qc6 22. Nxf6+ Qxf6 23. Bg5 Qg6 24. Be7 Rfe8 25. Bd6 e4 26. Ne5 Qe6 27. Qxe6 Rxe6 28. Re1 Rae8 29. Nc4 b6 30. g3 bxc5 31. bxc5 h6 32. Ne3 Rd8 33. Nd5 Rd7 34. Nc7 1-0

[Event "Valasska Bystrice op"]
[Site "Valasska Bystrice"]
[Date "2014.09.14"]
[Round "3"]
[White "Vavra, Vladimir"]
[Black "Luzikova, Nicola"]
[Result "0-1"]
[WhiteElo "1552"]
[BlackElo "1721"]
[PlyCount "84"]
[EventDate "2014.09.13"]
[EventType "swiss"]
[EventRounds "9"]
[EventCountry "CZE"]
[SourceTitle "CBM 162 Extra"]
[Source "ChessBase"]
[SourceDate "2014.10.17"]
[SourceVersion "1"]
[SourceVersionDate "2014.10.17"]
[SourceQuality "1"]

1. e4 d5 2. e5 c5 3. d4 cxd4 4. Qxd4 Nc6 5. Qf4 e6 6. Nf3 Qc7 7. c3 Nge7 8. Bd3 g6 9. 0-0 Bg7 10. Re1 0-0 11. Qh4 Nxe5 12. Nxe5 Bxe5 13. Bh6 Bg7 14. Bxg7 Kxg7 15. Nd2 Nc6 16. Nf3 e5 17. Ng5 h6 18. Nh3 Be6 19. f3 Qb6+ 20. Kh1 Qxb2 21. Rab1 Qxc3 22. Rb3 Qa5 23. Reb1 Qxa2 24. R3b2 Qa3 25. Bb5 Nd4 26. Qf2 Bxh3 27. gxh3 Qxf3+ 28. Qxf3 Nxf3 29. Be2 Nd4 30. Bf1 b6 31. Bg2 Rfd8 32. Rd1 Rac8 33. Ra2 Rc7 34. Rda1 Rdd7 35. Kg1 f5 36. Kf1 Kf6 37. Ra6 e4 38. Kf2 Ke5 39. R1a3 Rc2+ 40. Kg3 f4+ 41. Kh4 Rxg2 42. Rxa7 Nf5# 0-1

[Event "Kouty nad Desnou op-A"]
[Site "Kouty nad Desnou"]
[Date "2014.03.14"]
[Round "8"]
[White "Luzikova, Nicola"]
[Black "Zuziak, Petr"]
[Result "1/2-1/2"]
[WhiteElo "1695"]
[BlackElo "1726"]
[PlyCount "31"]
[EventDate "2014.03.08"]
[EventType "swiss"]
[EventRounds "9"]
[EventCountry "CZE"]
[SourceTitle "EXT 2015"]
[Source "ChessBase"]
[SourceDate "2014.11.20"]
[SourceVersion "1"]
[SourceVersionDate "2014.11.20"]
[SourceQuality "1"]

1. d4 Nf6 2. c4 g6 3. Nc3 d5 4. cxd5 Nxd5 5. e4 Nxc3 6. bxc3 Bg7 7. Bc4 c5 8. Be3 0-0 9. Ne2 Nc6 10. 0-0 Qc7 11. Rc1 Rd8 12. Qa4 Bd7 13. Qa3 Na5 14. Bd3 c4 15. Bc2 e6 16. Rfd1 1/2-1/2

[Event "Kouty nad Desnou op-A"]
[Site "Kouty nad Desnou"]
[Date "2014.03.11"]
[Round "4"]
[White "Novak, Jiri"]
[Black "Luzikova, Nicola"]
[Result "1-0"]
[WhiteElo "1869"]
[BlackElo "1695"]
[PlyCount "95"]
[EventDate "2014.03.08"]
[EventType "swiss"]
[EventRounds "9"]
[EventCountry "CZE"]
[SourceTitle "EXT 2015"]
[Source "ChessBase"]
[SourceDate "2014.11.20"]
[SourceVersion "1"]
[SourceVersionDate "2014.11.20"]
[SourceQuality "1"]

1. c4 e6 2. g3 d5 3. Bg2 c6 4. cxd5 exd5 5. d4 Bf5 6. Nf3 h6 7. Bf4 Bd6 8. Qc1 Nf6 9. 0-0 Qc7 10. Qe3+ Be6 11. Ne5 g5 12. Bxg5 hxg5 13. Qxg5 Bxe5 14. dxe5 Ng4 15. e4 dxe4 16. Bxe4 Qxe5 17. Qxe5 Nxe5 18. Re1 Nbd7 19. f4 f5 20. Bh1 Ng4 21. Rxe6+ Kf7 22. Re2 Rh6 23. Nd2 Re8 24. Rxe8 Kxe8 25. Re1+ Kd8 26. Nf3 Rh8 27. Nh4 Rf8 28. Bf3 Nh6 29. Re6 Ng8 30. Bd1 Ne7 31. Bc2 Nb6 32. Rxe7 Kxe7 33. Ng6+ Kf7 34. Nxf8 Kxf8 35. Bxf5 Nc4 36. b3 Ne3 37. Bd3 Nd5 38. a4 Nc3 39. Kf2 b5 40. axb5 cxb5 41. Ke3 b4 42. Kd4 a5 43. g4 a4 44. bxa4 Nxa4 45. h4 b3 46. h5 Nb6 47. g5 Nd7 48. f5 1-0

[Event "Kouty nad Desnou op-A"]
[Site "Kouty nad Desnou"]
[Date "2014.03.10"]
[Round "3"]
[White "Luzikova, Nicola"]
[Black "Kotyk, Vaclav"]
[Result "1/2-1/2"]
[WhiteElo "1695"]
[BlackElo "1851"]
[PlyCount "50"]
[EventDate "2014.03.08"]
[EventType "swiss"]
[EventRounds "9"]
[EventCountry "CZE"]
[SourceTitle "EXT 2015"]
[Source "ChessBase"]
[SourceDate "2014.11.20"]
[SourceVersion "1"]
[SourceVersionDate "2014.11.20"]
[SourceQuality "1"]

1. d4 Nf6 2. c4 g6 3. Nc3 d5 4. cxd5 Nxd5 5. e4 Nxc3 6. bxc3 Bg7 7. Bc4 c5 8. Be3 Nc6 9. Ne2 0-0 10. 0-0 cxd4 11. cxd4 a6 12. Rc1 Na5 13. Bd3 b5 14. Qd2 Bb7 15. d5 e6 16. Bf4 Nc4 17. Bxc4 bxc4 18. dxe6 fxe6 19. Rxc4 a5 20. Qxd8 Raxd8 21. Be3 Ba6 22. Rc2 Bd3 23. Rd2 Bxe4 24. f3 Rxd2 25. Bxd2 Bd5 1/2-1/2

[Event "Kouty nad Desnou op-F"]
[Site "Kouty nad Desnou"]
[Date "2013.03.10"]
[Round "2"]
[White "Sabolova, Kristyna"]
[Black "Luzikova, Nicola"]
[Result "1/2-1/2"]
[WhiteElo "1878"]
[BlackElo "1771"]
[PlyCount "30"]
[EventDate "2013.03.09"]
[EventType "swiss"]
[EventRounds "9"]
[EventCountry "CZE"]
[SourceTitle "EXT 2015"]
[Source "ChessBase"]
[SourceDate "2014.11.20"]
[SourceVersion "1"]
[SourceVersionDate "2014.11.20"]
[SourceQuality "1"]

1. d4 d5 2. Nf3 Nf6 3. c4 c6 4. Nc3 e6 5. e3 Nbd7 6. cxd5 exd5 7. Bd3 Bd6 8. 0-0 0-0 9. e4 dxe4 10. Nxe4 Nxe4 11. Bxe4 Nf6 12. Bc2 Bg4 13. h3 Bh5 14. Bg5 Be7 15. Qd3 Bg6 1/2-1/2

[Event "CZE-chT2D 1213"]
[Site "Czech Republic"]
[Date "2013.02.03"]
[Round "8.8"]
[White "Lipavsky, Dusan"]
[Black "Luzikova, Nicola"]
[Result "1-0"]
[WhiteElo "1991"]
[BlackElo "1796"]
[PlyCount "53"]
[EventDate "2012.10.14"]
[EventType "team-tourn"]
[EventRounds "11"]
[EventCountry "CZE"]
[SourceTitle "EXT 2016"]
[Source "ChessBase"]
[SourceDate "2015.10.08"]
[SourceVersion "1"]
[SourceVersionDate "2015.10.08"]
[SourceQuality "1"]
[WhiteTeam "Vysoke Myto"]
[BlackTeam "Velke Losiny"]
[WhiteTeamCountry "CZE"]
[BlackTeamCountry "CZE"]

1. e4 d5 2. exd5 Nf6 3. Bb5+ Bd7 4. Bc4 Bg4 5. f3 Bc8 6. Nc3 Nbd7 7. d3 Nb6 8. Nge2 Nbxd5 9. Nxd5 Nxd5 10. Nc3 e6 11. 0-0 Bc5+ 12. d4 Bb6 13. Na4 0-0 14. Nxb6 Nxb6 15. Bb3 Nd5 16. c3 b6 17. Qd3 Bb7 18. Bc2 g6 19. Bh6 Re8 20. Rae1 a5 21. Qd2 Ne7 22. Qf4 Nf5 23. Bxf5 exf5 24. Rxe8+ Qxe8 25. Qxc7 Qc6 26. Qe5 f6 27. Qe7 1-0

[Event "Wch U16 Girls"]
[Site "Maribor"]
[Date "2012.11.14"]
[Round "7.28"]
[White "Luzikova, Nicola"]
[Black "Franca, Veronika"]
[Result "0-1"]
[WhiteElo "1796"]
[BlackElo "1979"]
[PlyCount "68"]
[EventDate "2012.11.08"]
[EventType "swiss"]
[EventRounds "11"]
[EventCountry "SLO"]
[SourceTitle "EXT 2013"]
[Source "ChessBase"]
[SourceDate "2012.11.22"]
[SourceVersion "1"]
[SourceVersionDate "2012.11.22"]
[SourceQuality "1"]

1. d4 Nf6 2. c4 e6 3. Nc3 Bb4 4. e3 0-0 5. Nf3 d5 6. Bd3 c5 7. 0-0 cxd4 8. exd4 dxc4 9. Bxc4 b6 10. a3 Bxc3 11. bxc3 Bb7 12. Bg5 Nc6 13. Qe2 Ne7 14. Bxf6 gxf6 15. Bd3 Ng6 16. Qe3 Kg7 17. Nd2 f5 18. Nf3 Rg8 19. Bc4 Kh8 20. Ng5 Qf6 21. Nxf7+ Qxf7 22. Bxe6 Qg7 23. Bxg8 Rxg8 24. g3 f4 25. Qe6 Nh4 26. d5 fxg3 27. fxg3 Qxc3 28. Kh1 Nf3 29. Qf7 Nxh2 30. Rac1 Qb2 31. Rfe1 Ng4 32. Kg1 Qh2+ 33. Kf1 Ba6+ 34. Re2 Qh1# 0-1

[Event "Trans Europa Schach Express"]
[Site "Potsdam"]
[Date "2012.10.14"]
[Round "9.8"]
[White "Stoeri, Laura"]
[Black "Luzikova, Nicola"]
[Result "0-1"]
[WhiteElo "2044"]
[BlackElo "1796"]
[PlyCount "126"]
[EventDate "2012.10.13"]
[EventType "team-tourn"]
[EventRounds "9"]
[EventCountry "GER"]
[SourceTitle "CBM 150 Extra"]
[Source "ChessBase"]
[SourceDate "2012.10.19"]
[SourceVersion "1"]
[SourceVersionDate "2012.10.19"]
[SourceQuality "1"]
[WhiteTeam "Switzerland"]
[BlackTeam "Czech Republic"]
[WhiteTeamCountry "SUI"]
[BlackTeamCountry "CZE"]

1. e4 d5 2. exd5 Nf6 3. d4 Nxd5 4. Nf3 Bg4 5. Be2 e6 6. 0-0 Be7 7. c3 0-0 8. Qb3 Qc8 9. Na3 c6 10. Nc4 Nd7 11. Qc2 h6 12. Ne3 N7f6 13. Nxg4 Nxg4 14. h3 Ngf6 15. a3 Qc7 16. Ne5 Nd7 17. f4 Nxe5 18. fxe5 c5 19. Qe4 cxd4 20. Bd3 f5 21. exf6 Bxf6 22. Qh7+ Kf7 23. Bxh6 Ke8 24. Bg5 dxc3 25. Bxf6 gxf6 26. Qh5+ Kd8 27. bxc3 Qxc3 28. Qf3 Qd4+ 29. Kh1 Ke7 30. Rae1 Rad8 31. Bf5 e5 32. Qb3 Qb6 33. Qg3 Rg8 34. Rxe5+ Kf7 35. Qh4 Qd6 36. Qh5+ Kf8 37. Qh6+ Rg7 38. Re6 Qg3 39. Rg1 Qg5 40. Qxg5 Rxg5 41. Bg4 f5 42. Bf3 Kf7 43. Rge1 f4 44. Bxd5 Rgxd5 45. Re7+ Kf6 46. Rxb7 Rd1 47. Rb1 Rxe1+ 48. Rxe1 Rd3 49. Ra1 Kg5 50. Kg1 Kh4 51. Ra2 Kg3 52. Ra1 Rd2 53. h4 Rxg2+ 54. Kh1 Rh2+ 55. Kg1 Rxh4 56. a4 f3 57. Ra3 Rd4 58. Ra1 f2+ 59. Kf1 Rh4 60. Ke2 Kg2 61. a5 Re4+ 62. Kd3 Re1 63. Ra2 Kg1 0-1

[Event "CZE-chTW U20 1213"]
[Site "Czech Republic"]
[Date "2012.10.06"]
[Round "1.4"]
[White "Hejduk, Miroslav"]
[Black "Luzikova, Nicola"]
[Result "1/2-1/2"]
[WhiteElo "1719"]
[BlackElo "1796"]
[PlyCount "94"]
[EventDate "2012.10.06"]
[EventType "team-tourn"]
[EventRounds "11"]
[EventCountry "CZE"]
[SourceTitle "EXT 2015"]
[Source "ChessBase"]
[SourceDate "2014.11.20"]
[SourceVersion "1"]
[SourceVersionDate "2014.11.20"]
[SourceQuality "1"]
[WhiteTeam "Liberec Desko (U20)"]
[BlackTeam "Ricany (U20)"]
[WhiteTeamCountry "CZE"]
[BlackTeamCountry "CZE"]

1. d4 d5 2. Nf3 Nf6 3. e3 c6 4. c4 e6 5. Nc3 Nbd7 6. Bd2 Bd6 7. Rc1 0-0 8. Qc2 Qe7 9. Bd3 dxc4 10. Bxc4 b5 11. Bd3 a6 12. 0-0 c5 13. Ne4 c4 14. Nxf6+ Nxf6 15. Be2 Bb7 16. b3 Be4 17. Qc3 Nd5 18. Qa1 Rfc8 19. bxc4 bxc4 20. Rxc4 Rxc4 21. Bxc4 Bxf3 22. gxf3 Qg5+ 23. Kh1 Qh4 24. f4 Nf6 25. f3 g5 26. Rg1 g4 27. Qe1 Qxe1 28. Bxe1 h5 29. Bh4 Nd5 30. Bxd5 exd5 31. fxg4 hxg4 32. Rxg4+ Kh7 33. Kg2 Rg8 34. Rxg8 Kxg8 35. Bf6 Kh7 36. Be5 Bb4 37. Kf3 f5 38. Bf6 Kg6 39. Bh4 Kh5 40. Bf2 Be7 41. h3 Bf6 42. a4 a5 43. Be1 Bd8 44. h4 Be7 45. Kg3 Bd8 46. Kh3 Bc7 47. Bg3 Bd6 1/2-1/2

[Event "EU-ch U16 Girls"]
[Site "Prague"]
[Date "2012.08.25"]
[Round "9"]
[White "Luzikova, Nicola"]
[Black "Goian, Valeria"]
[Result "1/2-1/2"]
[WhiteElo "1769"]
[BlackElo "1411"]
[PlyCount "102"]
[EventDate "2012.08.17"]
[EventType "swiss"]
[EventRounds "9"]
[EventCountry "CZE"]
[SourceTitle "CBM 150 Extra"]
[Source "ChessBase"]
[SourceDate "2012.10.19"]
[SourceVersion "1"]
[SourceVersionDate "2012.10.19"]
[SourceQuality "1"]

1. d4 d6 2. c4 c6 3. e4 Nf6 4. Nc3 Qc7 5. Nf3 e5 6. Be2 Be7 7. 0-0 0-0 8. b3 a6 9. Bb2 Nbd7 10. Qc2 Re8 11. Rfd1 Bf8 12. Rac1 exd4 13. Rxd4 Nc5 14. b4 Ne6 15. Rdd1 Nf4 16. Bd3 Bg4 17. Be2 Rad8 18. Qd2 Nxe2+ 19. Qxe2 Bf5 20. Nd2 d5 21. cxd5 Bxb4 22. Qc4 Bxc3 23. Qxc3 Bxe4 24. Nxe4 Rxe4 25. dxc6 Rxd1+ 26. Rxd1 bxc6 27. Qd3 Qe7 28. Qd8+ Ne8 29. Qxe7 Rxe7 30. Kf1 h6 31. Rd8 Kh7 32. Ra8 Rb7 33. Be5 Nc7 34. Bxc7 Rxc7 35. Rxa6 Rb7 36. a4 c5 37. a5 c4 38. Rc6 Rb1+ 39. Ke2 Rb2+ 40. Ke3 Ra2 41. a6 c3 42. Kd3 c2 43. Kd2 Kg8 44. Kc1 Kf8 45. Rc8+ Ke7 46. Rc7+ Ke6 47. a7 g5 48. g4 f6 49. h3 Kd6 50. Rb7 Ke5 51. Rb5+ Ke6 1/2-1/2

[Event "EU-ch U16 Girls"]
[Site "Prague"]
[Date "2012.08.22"]
[Round "6"]
[White "Turk, Tajana"]
[Black "Luzikova, Nicola"]
[Result "1-0"]
[WhiteElo "1907"]
[BlackElo "1769"]
[PlyCount "97"]
[EventDate "2012.08.17"]
[EventType "swiss"]
[EventRounds "9"]
[EventCountry "CZE"]
[SourceTitle "CBM 150 Extra"]
[Source "ChessBase"]
[SourceDate "2012.10.19"]
[SourceVersion "1"]
[SourceVersionDate "2012.10.19"]
[SourceQuality "1"]

1. b3 d5 2. Nf3 c5 3. Bb2 e6 4. e3 Nf6 5. Bb5+ Bd7 6. Bxd7+ Nbxd7 7. 0-0 Bd6 8. d4 0-0 9. Nbd2 b6 10. Ne5 Qc7 11. f4 Rac8 12. Rc1 cxd4 13. exd4 Ne4 14. Nxe4 dxe4 15. c4 f6 16. Nxd7 Qxd7 17. Kh1 Qb7 18. f5 exf5 19. Rxf5 g6 20. Rf2 f5 21. d5 Qc7 22. Qd4 Bc5 23. Qh8+ Kf7 24. Qxh7+ Ke8 25. Qxg6+ Qf7 26. Qxf7+ Rxf7 27. Re2 Kd7 28. Rd1 e3 29. Rf1 f4 30. Rf3 Re8 31. g4 Re4 32. Kg2 Ke7 33. g5 Bd4 34. Ba3+ Kd7 35. h4 Bg7 36. Bc1 Ke7 37. Rf1 Bd4 38. Kf3 Re5 39. Ba3+ Kd7 40. Rd1 Bc3 41. Rd3 Bd2 42. Bb2 Re8 43. h5 Rf5 44. Bf6 Rg8 45. h6 Rgxg5 46. h7 Rg3+ 47. Ke4 f3 48. h8Q fxe2 49. Qd8# 1-0

[Event "CZE-ch U16 Girls"]
[Site "Kouty nad Desnou"]
[Date "2012.03.16"]
[Round "8"]
[White "Luzikova, Nicola"]
[Black "Blechova, Lenka"]
[Result "1-0"]
[WhiteElo "1775"]
[BlackElo "1560"]
[PlyCount "45"]
[EventDate "2012.03.10"]
[EventType "swiss"]
[EventRounds "9"]
[EventCountry "CZE"]
[SourceTitle "EXT 2013"]
[Source "ChessBase"]
[SourceDate "2012.11.22"]
[SourceVersion "1"]
[SourceVersionDate "2012.11.22"]
[SourceQuality "1"]

1. d4 d5 2. Nf3 Nf6 3. c4 dxc4 4. e3 e6 5. Bxc4 Be7 6. 0-0 0-0 7. Nc3 Nbd7 8. h3 Nb6 9. Bd3 c5 10. dxc5 Bxc5 11. Qc2 Bb4 12. Rd1 Qe7 13. Bd2 Bd6 14. Nb5 Bd7 15. Nxd6 Qxd6 16. Bc3 Nbd5 17. Bxf6 gxf6 18. Bxh7+ Kg7 19. Be4 Bc6 20. Bxd5 exd5 21. Nd4 Qd7 22. Nf5+ Kg8 23. Rd4 1-0

[Event "CZE-ch U16 Girls"]
[Site "Kouty nad Desnou"]
[Date "2012.03.14"]
[Round "6"]
[White "Luzikova, Nicola"]
[Black "Richterova, Natasa"]
[Result "1/2-1/2"]
[WhiteElo "1775"]
[BlackElo "1830"]
[PlyCount "79"]
[EventDate "2012.03.10"]
[EventType "swiss"]
[EventRounds "9"]
[EventCountry "CZE"]
[SourceTitle "EXT 2013"]
[Source "ChessBase"]
[SourceDate "2012.11.22"]
[SourceVersion "1"]
[SourceVersionDate "2012.11.22"]
[SourceQuality "1"]

1. d4 Nf6 2. c4 e5 3. dxe5 Ng4 4. Bf4 Nc6 5. Nf3 Bb4+ 6. Nc3 Qe7 7. Qd5 Bxc3+ 8. bxc3 f6 9. e6 dxe6 10. Qh5+ Qf7 11. Qxf7+ Kxf7 12. Bxc7 b6 13. h3 Nh6 14. e4 e5 15. Bd6 Be6 16. Be2 Na5 17. c5 Nb7 18. 0-0 Rac8 19. Ba6 Nxd6 20. cxd6 Rc6 21. Rfd1 Rd8 22. Rd3 Rcxd6 23. Rxd6 Rxd6 24. c4 Ke7 25. Kf1 Rc6 26. Nd2 Nf7 27. Ke2 Nd6 28. Kd3 Rc5 29. a4 Ne8 30. Bb7 Nd6 31. Bd5 f5 32. f3 f4 33. Nb3 Rc7 34. Rc1 Nb7 35. Kc3 Nd6 36. Kd3 Nb7 37. Rc2 Bd7 38. Ra2 Nc5+ 39. Nxc5 Rxc5 40. Kc3 1/2-1/2

[Event "CZE-ch U16 Girls"]
[Site "Kouty nad Desnou"]
[Date "2012.03.12"]
[Round "3"]
[White "Vlckova, Katerina"]
[Black "Luzikova, Nicola"]
[Result "1-0"]
[WhiteElo "1807"]
[BlackElo "1775"]
[PlyCount "69"]
[EventDate "2012.03.10"]
[EventType "swiss"]
[EventRounds "9"]
[EventCountry "CZE"]
[SourceTitle "EXT 2013"]
[Source "ChessBase"]
[SourceDate "2012.11.22"]
[SourceVersion "1"]
[SourceVersionDate "2012.11.22"]
[SourceQuality "1"]

1. e4 d5 2. exd5 Nf6 3. Bb5+ Bd7 4. Be2 Nxd5 5. d4 Bf5 6. Nf3 e6 7. 0-0 Be7 8. c4 Nb6 9. Nc3 0-0 10. h3 c6 11. Bf4 N8d7 12. Rc1 Nf6 13. a3 a5 14. Qd2 Ne4 15. Nxe4 Bxe4 16. Rfd1 Nd7 17. Ng5 Nf6 18. Nxe4 Nxe4 19. Qc2 Nf6 20. Bf3 Rc8 21. Qb3 Qd7 22. Qa4 Bd8 23. d5 cxd5 24. Qxd7 Nxd7 25. cxd5 Rxc1 26. Rxc1 e5 27. Be3 f5 28. d6 e4 29. Bd1 Bb6 30. Bb3+ Kh8 31. Bxb6 Nxb6 32. Rc7 g6 33. Rxb7 Nc8 34. d7 Nd6 35. Rb6 1-0